Zmena klímy: Výzvy v poľnohospodárstve a vo vodnom hospodárstve
Efektívna spolupráca medzi poľnohospodárstvom a vodným hospodárstvom v kontexte prebiehajúcej klimatickej zmeny si vyžaduje koordinované úsilie na miestnej, národnej aj medzinárodnej úrovni.
Guardado en:
| Autor principal: | |
|---|---|
| Formato: | Capítulo de libro |
| Lenguaje: | eslovaco |
| Materias: | |
| Etiquetas: |
Sin Etiquetas, Sea el primero en etiquetar este registro!
|
MARC
| LEADER | 00000naa a2200000 4500 | ||
|---|---|---|---|
| 001 | 0314688 | ||
| 005 | 20260203085020.2 | ||
| 041 | 0 | |a slo | |
| 044 | |a SK | ||
| 245 | 1 | 0 | |a Zmena klímy: Výzvy v poľnohospodárstve a vo vodnom hospodárstve |c Andrea Vranovská |
| 520 | |a Efektívna spolupráca medzi poľnohospodárstvom a vodným hospodárstvom v kontexte prebiehajúcej klimatickej zmeny si vyžaduje koordinované úsilie na miestnej, národnej aj medzinárodnej úrovni. | ||
| 610 | 2 | 0 | |a zmeny klimatické |
| 610 | 2 | 0 | |a voda |
| 610 | 2 | 0 | |a voda pitná |
| 610 | 2 | 0 | |a poľnohospodárstvo |
| 610 | 2 | 0 | |a znečistenie vôd |
| 610 | 2 | 0 | |a znečistenie prostredia životného |
| 100 | 1 | |a Vranovská, Andrea | |